| 000 | 01816cam a22004337a 4500 | ||
|---|---|---|---|
| 003 | CHAP | ||
| 005 | 20220329142226.0 | ||
| 008 | 000228d1995 uk r 00010 eng d | ||
| 010 | _a80161 | ||
| 011 | _a81133 | ||
| 020 | _a0704910411 | ||
| 035 | _a91595 | ||
| 040 | _cCHAP | ||
| 082 | 0 | 4 |
_a635 _bV33 |
| 100 | 0 | 0 |
_aVaughan, R. L. _ecomp. _9118208 |
| 245 | 1 | 0 |
_aHorticultural business data : _bincorporating financial results for horticultural holdings in England _c/comp. by R.L. Vaughan and R.T. Crane |
| 260 |
_aReading : _bThe University of Reading, _c199- |
||
| 300 | _av. | ||
| 500 | _aLa biblioteca tiene : 1995, 1996, 1997, 1998, 1999 | ||
| 590 |
_aBATCH-UPD _b10 _c20130110 _lUCH01 _h0457 |
||
| 590 |
_aBATCH-UPD _b10 _c20130410 _lUCH01 _h0135 |
||
| 590 |
_aBATCH-UPD _b10 _c20130914 _lUCH01 _h1056 |
||
| 590 |
_aCONVERSION _b10 _c20130109 _lUCH01 _h1345 |
||
| 650 | 1 | 4 |
_aHorticultura _xAspectos económicos _zInglaterra. _956306 |
| 650 | 1 | 4 |
_aHorticultura _xEstadísticas _zInglaterra. _956330 |
| 650 | 1 | 4 |
_aHorticultura _xInglaterra. _956342 |
| 700 | 0 |
_aCrane, R. T. _ecomp. _928832 |
|
| 901 | _aBK | ||
| 905 | _aLilia Sánchez G. | ||
| 942 | _cLIBRO | ||
| 949 |
_a635 V33 _bBC _cLIBRO _d33724000763942 _eLIBRO _f1996 _h97050 _i91595 _si |
||
| 949 |
_a635 V33 _bBC _cLIBRO _d33724000763959 _eLIBRO _f1995 _h97049 _i91595 _si |
||
| 949 |
_a635 V33 _bBC _cLIBRO _d33724000779294 _eLIBRO _f1999 _h98162 _i91595 _si |
||
| 949 |
_a635 V33 _bBC _cLIBRO _d33724000779302 _eLIBRO _f1999 c.2 _h98163 _i91595 _si |
||
| 949 |
_a635 V33 _bBC _cLIBRO _d33724000788022 _eLIBRO _f1996 c.2 _h98553 _i91595 _si |
||
| 949 |
_a635 V33 _bBC _cLIBRO _d33724000788030 _eLIBRO _f1997 _h98554 _i91595 _sb |
||
| 949 |
_a635 V33 _bBC _cLIBRO _d33724000788048 _eLIBRO _f1998 _h98555 _i91595 _si |
||
| 949 |
_a635 V33 _bBC _cLIBRO _d33724000788055 _eLIBRO _f1998 c.2 _h98556 _i91595 _si |
||
| 999 |
_c80161 _d80161 |
||